Città del Mondiale Russia 2018 - Statistics

Statistiche generali
  • Questo quiz è stato fatto 22 volte
  • Il punteggio medio è 6 su 11
Statistiche sulle risposte
con Immagini Risposta % Corretto
Mosca
94%
San Pietroburgo
94%
Kazan'
61%
Kaliningrad
56%
Rostov sul Don
56%
Soči
50%
Ekaterinburg
39%
Volgograd
39%
Samara
33%
Saransk
17%
Nižnij Novgorod
11%
Nessun quiz corrispondente trovato
Distribuzione punteggi
Percentuale di utenti per punteggio
Percentile per numero di risposta
I tuoi punteggi nel tempo
Non hai fatto questo quiz